EARLY CLINICAL EXPOSURE A CASE BASED APPROACH IN CLINICAL ANATOMY (Record no. 30686)

MARC details
000 -LEADER
fixed length control field 00455nam a22001697a 4500
003 - CONTROL NUMBER IDENTIFIER
control field SGT
020 ## - INTERNATIONAL STANDARD BOOK NUMBER
International Standard Book Number 9789366164892
082 ## - DEWEY DECIMAL CLASSIFICATION NUMBER
Classification number 611
Item number E25K
100 ## - MAIN ENTRY--PERSONAL NAME
Personal name KUMAR, AJAY
245 ## - TITLE STATEMENT
Title EARLY CLINICAL EXPOSURE A CASE BASED APPROACH IN CLINICAL ANATOMY
250 ## - EDITION STATEMENT
Edition statement 2ND
260 ## - PUBLICATION, DISTRIBUTION, ETC. (IMPRINT)
Place of publication, distribution, etc INDIA
Name of publisher, distributor, etc JAYPEE PUB
Year of Publication 2025
300 ## - PAGE DESCRIPTION
No. of Pages 250
650 ## - SUBJECT ADDED ENTRY--TOPICAL TERM
Topical term or geographic name as entry element HUMAN ANATOMY
653 ## - KEYWORDS--INDEX TERM
Keyword term EARLY CLINICAL EXPOSURE A CASE BASED APPROACH IN CLINICAL ANATOMY
942 ## - ADDED ENTRY ELEMENTS (KOHA)
Source of classification or shelving scheme Dewey Decimal Classification
Koha item type Books
Holdings
Withdrawn status Lost status Source of classification or shelving scheme Damaged status Not for loan Collection code Home library Current library Shelving location Date acquired Vendor Name Cost, normal purchase price SGTU Bill Number Full call number Accession No. (Barcode) Date last seen Bill Date Koha item type Total Checkouts Date last borrowed
    Dewey Decimal Classification   Not For Loan MEDICAL SGT Medical Library SGT Medical Library Reference Book 11/02/2025 ABC DELHI 495.00 SGTU 20461 611 E25K FM14891 05/04/2025 11/02/2025 Books    
    Dewey Decimal Classification     MEDICAL SGT Medical Library SGT Medical Library Text Book 11/02/2025 ABC DELHI 495.00 SGTU 20461 611 E25K FM14892 21/08/2025 11/02/2025 Books 3 19/08/2025
    Dewey Decimal Classification     MEDICAL SGT Medical Library SGT Medical Library Text Book 11/02/2025 ABC DELHI 495.00 SGTU 20461 611 E25K FM14893 05/04/2025 11/02/2025 Books    
    Dewey Decimal Classification     MEDICAL SGT Medical Library SGT Medical Library Text Book 11/02/2025 ABC DELHI 495.00 SGTU 20461 611 E25K FM14894 02/09/2025 11/02/2025 Books 2 01/09/2025
    Dewey Decimal Classification     MEDICAL SGT Medical Library SGT Medical Library Text Book 11/02/2025 ABC DELHI 495.00 SGTU 20461 611 E25K FM14895 05/04/2025 11/02/2025 Books